000 00980cam a22002771 4500
001 24521
003 BD-RjUL
005 20211209001049.0
008 140313s19531934nyu 001 0 eng
035 _a(BD-RjUL)24588
040 _aDLC
_cDLC
_dDLC
_beng
041 1 _aengita
082 0 0 _a940.27
_bCRH 1953
100 1 _aCroce, Benedetto,
_d1866-1952.
_911219
245 0 0 _aHistory of Europe in the nineteenth century /
_ctranslated from the Italian by Henry Furst.
250 _a3rd. impre.
260 _aLondon :
_bgeorge allen & unwin ltd.,
_c1934 [impressiom 1953]
300 _a375 p. ;
_c22 cm.
500 _a"The present translation has been made from the third Italian edition (Bari, Laterza, 1932)"--Translator's pref.
650 0 _aCivilization, Modern
_y19th century.
_975482
651 0 _aEurope
_xHistory
_y1789-1900.
_969784
700 1 _aFurst, Henry,
_etr.
_975483
942 _2ddc
_cBK
999 _c24521
_d24521